LEADER 01165nam2-2200385li-450 001 990000102280203316 005 20180312154728.0 010 $a0-387-96071-6 035 $a0010228 035 $aUSA010010228 035 $a(ALEPH)000010228USA01 035 $a0010228 100 $a20001109d1985----km-y0itay0103----ba 101 0 $aeng 102 $aUS 200 1 $aLinear multivariable control$ea geometric approach$fW. Murray Wonham 205 $a3rd ed 210 $aNew York [etc.]$cSpringer-Verlag,1985 215 $aIX, 334 p.$c29 ill.$d23 cm 225 2 $aApplications of mathematics$v10 410 0$10010010226$12001$aApplications of mathematics 610 1 $ateoria del controllo 676 $a629.831 2 700 1$aWonham,$bW. Murray$0535935 801 $aSistema bibliotecario di Ateneo dell' Università di Salerno$gRICA 912 $a990000102280203316 951 $a629.831 2 WON$b0003967 959 $aBK 969 $aTEC 979 $c19940302 979 $c20001110$lUSA01$h1710 979 $c20020403$lUSA01$h1617 979 $aPATRY$b90$c20040406$lUSA01$h1608 996 $aLinear multivariable control$9925607 997 $aUNISA LEADER 01300nam 2200337z- 450 001 9910689824003321 005 20161209105144.0 035 $a(CKB)5860000000022075 035 $a(BIP)013310438 035 $a(EXLCZ)995860000000022075 100 $a20220406c2005uuuu -u- - 101 0 $aeng 200 14$aThe Energy Policy Act of 2005 $ehearings before the Subcommittee on Energy and Air Quality of the Committee on Energy and Commerce, House of Representatives, One Hundred Ninth Congress, first session, February 10 and February 16, 2005 215 $a1 online resource (iv, 593 p.) $cill 311 $a0-16-074752-X 517 $aEnergy Policy Act of 2005 606 $aEnergy development$xLaw and legislation$zUnited States 606 $aPower resources$xLaw and legislation$zUnited States 606 $aEnergy conservation$xLaw and legislation 610 $aEnergy development 610 $aPower resources 610 $aEnergy conservation 610 $aLaw 610 $aTechnology & engineering 615 0$aEnergy development$xLaw and legislation 615 0$aPower resources$xLaw and legislation 615 0$aEnergy conservation$xLaw and legislation. 906 $aBOOK 912 $a9910689824003321 996 $aThe Energy Policy Act of 2005$93193437 997 $aUNINA